00947cam a22002534a 45000010009000000050017000090080041000260200015000670400018000820820022001002450278001222600040004003000013004406500010004536500010004636500013004736500013004867000032004997000028005317000021005599420006005809520094005869990013006801325059720240227052953.0030624s2000 ci a bs 100 0 hrv  a9536860023 aDLCcDLCdDLC 222a323.33.bZEN.10aSeminar "Žene i politika: feminizmi na istočni način" :bdokumentacija, Dubrovnik, 17.-21. 5. 2000 = Seminar "Women and Politics: Feminisms with an Eastern Touch" : documentation, Dubrovnik, 17-21, 5 2000 / [urednice Đurda Knežević, Koraljka Dolić, Anne Dabb]. aZagreb :bŽenska infoteka,c2000. a287 p. : 0aWomen 0aWomen 0aFeminism 0aFeminism1 aKnežević, Đurđa.eedt1 aDilić, Koraljka.eedt1 aDabb, Anne.eedt cL 001040708LaWERCLbWERCLd2024-02-27l0o323.33. ZEN.p4280r2024-02-27w2024-02-27yL c502d502